| 000 | 00519 a2200193 4500 | ||
|---|---|---|---|
| 001 | 068312 | ||
| 003 | OSt | ||
| 005 | 20220215173418.0 | ||
| 008 | |||
| 082 |
_a330.0151 _bS25E |
||
| 100 | 1 | _aSydsaeter, Knut | |
| 245 | 1 |
_aEconomists mathematical manual _cby Knut Sydsaeter and Peter Berck |
|
| 250 | _a4th ed. | ||
| 260 |
_aNew York _bSpringer _c2008 |
||
| 300 | _a225p. | ||
| 653 | _aEconomics, Mathematical; Economics; Mathematics | ||
| 700 | _aBerck, Peter | ||
| 942 |
_2ddc _cBK |
||
| 999 |
_c2000 _d2000 |
||